• 首页
  • 本馆介绍
  • 公告通知
  • 最新文献
  • 馆藏检索
  • 电子资源
  • 读者导购
  • 参考咨询
  • 我的图书馆
  • 登录
  • 详细信息显示
  • 放入我的书架
  • 预约/预借图书
  • 作者相关作品
  • 分类相关作品
  • 丛书相关作品
  • 出版社相关作品

书目信息

  • 表格格式
  • 工作单格式
  • 卡片格式
题名:
化工原理
    
 
作者: 谭天恩 , 窦梅 编著
分册: 上册  
出版信息: 北京   化学工业出版社  2019重印
页数: 281页
开本: 26cm
丛书名: 普通高等教育“十一五”国家级规划教材
单 册:
中图分类: TQ02-43
科图分类:
主题词: 化工原理--hua gong yuan li--高等学校--教材
电子资源:
ISBN: 978-7-122-16361-5
000 01118cam0 2200301 45
001 012001000245
005 20191108093125.18
010    @a978-7-122-16361-5@b上册@dCNY45.00
099    @aCAL 012013083935
100    @a20130617d2013 ekmy0chiy50 ea
101 0  @achi
102    @aCN@b110000
105    @aak a 000yy
106    @ar
200 1  @a化工原理@Ahua gong yuan li@h上册@f谭天恩, 窦梅等编著@FTan Tian En, Dou Mei Deng Bian Zhu@PTTEDMDBZ
205    @a第4版
210    @a北京@c化学工业出版社@d2019重印
215    @a281页@c图@d26cm
225 2  @a普通高等教育“十一五”国家级规划教材@Apu tong gao deng jiao yu “ shi yi wu ” guo jia ji gui hua jiao cai
305    @a本书初版于1984年
320    @a有书目
410  0 @12001@@a普通高等教育“十一五”国家级规划教材
606 0  @a化工原理@Ahua gong yuan li@x高等学校@j教材
690    @aTQ02-43@v5
701  0 @a谭天恩@ATan Tianen@c(化学工业)@4编著@3CAL n2004242952#@7jt0yjt0y@7ec0yec0y
701  0 @a窦梅@ADou Mei@c(化工)@4编著@3CAL n2004201513#@7jt0yjt0y@7ec0yec0y
801  0 @aCN@b北京卓展文化@c20191020
905    @b1200116-9@dTQ02-43@e505:1=4@f4
    
    化工原理.上册/谭天恩, 窦梅等编著.-第4版.-北京:化学工业出版社,2019重印
    281页:图;26cm.-(普通高等教育“十一五”国家级规划教材)
    
    
    ISBN 978-7-122-16361-5(上册):CNY45.00
    
●
相关链接 在E读中查询图书 在五车中查询图书 在当当中查询图书 在豆瓣中查询图书


正题名:化工原理     索取号:TQ02-43/505:1=4         预约/预借

序号 登录号 条形码 馆藏地/架位号 状态 备注
1 1200116   212001162   第二样本阅览室/ [索取号:TQ02-43/505:1=4] 在馆    
2 1200117   212001171   第三借阅区/ [索取号:TQ02-43/505:1=4] 在馆    
3 1200118   212001180   第三借阅区/ [索取号:TQ02-43/505:1=4] 在馆    
4 1200119   212001199   第三借阅区/ [索取号:TQ02-43/505:1=4] 在馆    
唐山师范学院图书馆 欢迎您!
大连网信软件有限公司© 版权所有